000 00503cam a22001934a 4500
005 20250605164151.0
008 250528s ||||||||||||||||||||||||d
035 _a19402
020 _a9607344006
040 _aGR-AtMCL
_bgre
_dGR-AtMCL
_eAACR2
245 1 _aΕΦΗΡΜΟΣΜΕΝΟ MARKETING
250 _a1
260 _bΣυγχρονη Εκδοτικη,
_c1992
300 _a320
700 1 _aΚυριαζοπουλος Παν. Γ
_95651
942 _cBK
999 _c4658
_d4658